00543 2200217 4500001002100000005001700021008004100038035002400079040001200103082001100115090001700126100001700143245004400160250001100204260003300215300002100248650002000269850001200289990001200301990001200313YOGYA-0512000000031020120509000552.0 ind  0010-051200000000310 aYOPDYOG a899.23 a899.23 Moh D aMOHTAR, Toha aDaerah tidak bertuancoleh Toha Mohtar. aCet.1. aDjakartabPustaka Jayac1964 a137 hlm.c18 cm. aFiksi Indonesia aYOPDYOG a17912-a a11750-a